00751nam a2200205 a 450000100100000000500170001000800410002704000250006804100390009308200130013210000190014524000370016424501670020126000370036830000210040553400460042650000220047270000190049470000320051300002563020200930023929.0110218s1971 mx r 000 0 spa d aDO-SdBNPbspacBNPHU17aspaheng2Código de idiomas MARC ann*bnn*1 aQuaal, Ward L.10aBroadcast management.lEspañol10aDirección de estaciones de radio y televisión :bEstudios sobre dirección de medios /cWard L. Quaal y Leo A. Martin ; traducción de Agustín Bárcenas. aMéxico, D. F. :bDiana,c1971. a262 p. ;c23 cm. aTítulo original :tBroadcast management aIncluye índice.1 aMartin, Leo A.1 aBárcenas, Agustín,etr.